00000000nam 2200000zi 4500
0019.938099
003CaOODSP
00520250108130942
006m     o  d f      
007cr |n|||||||||
008240510t20242024onca    ob   f000 0 eng d
020 |a9780660718767
040 |aCaOODSP|beng|erda|cCaOODSP
043 |an-cn---
0861 |aH134-38/2024E-PDF
24500|aTobacco products appearance, packaging and labelling regulations (TPAPLR).
264 1|a[Ottawa] : |bHealth Canada = Santé Canada, |c[2024]
264 4|c©2024
300 |a1 online resource (4 unnumbered pages) : |bcolour illustrations
336 |atext|btxt|2rdacontent
337 |acomputer|bc|2rdamedia
338 |aonline resource|bcr|2rdacarrier
500 |aIssued also in French under title: Règlement sur l'apparence, l'emballage et l'étiquetage des produits du tabac (RAEEPT).
500 |a"Pub.: 240177."
504 |aIncludes bibliographical references.
61010|aCanada. |tTobacco and Vaping Products Act.
650 0|aTobacco|xLaw and legislation|zCanada.
650 0|aTobacco package labels|xLaw and legislation|zCanada.
650 0|aTobacco|xGovernment policy|zCanada.
7101 |aCanada. |bHealth Canada, |eissuing body.
77508|tRèglement sur l'apparence, l'emballage et l'étiquetage des produits du tabac (RAEEPT).|w(CaOODSP)9.938100
7760#|tTobacco products appearance, packaging and labelling regulations (TPAPLR).|w(CaOODSP)9.938101
85640|qPDF|s970 KB|uhttps://publications.gc.ca/collections/collection_2025/sc-hc/H134-38-2024-eng.pdf